San Francisco Giants World Series Rosters - Statistics

General Stats
  • This quiz has been taken 4 times
  • The average score is 44 of 75
Answer Stats
Hint Answer % Correct
C Buster Posey
100%
C Buster Posey
100%
C Buster Posey
100%
Tim Lincecum
100%
Tim Lincecum
100%
Tim Lincecum
100%
CF Angel Pagan
75%
1B/ DH Aubrey Huff
75%
1B* Aubrey Huff
75%
1B Brandon Belt
75%
1B Brandon Belt
75%
SS Brandon Crawford
75%
SS Brandon Crawford
75%
Brian Wilson
75%
2B Freddy Sanchez
75%
LF Gregor Blanco
75%
CF Gregor Blanco
75%
DH Hector Sanchez
75%
RF Hunter Pence
75%
RF Hunter Pence
75%
2B Joe Panik
75%
Jonathan Sanchez
75%
Madison Bumgarner
75%
Madison Bumgarner
75%
Madison Bumgarner
75%
2B Marco Scutaro
75%
Matt Cain
75%
Matt Cain
75%
DH Pablo Sandoval
75%
3B Pablo Sandoval
75%
3B Pablo Sandoval
75%
Sergio Romo
75%
Sergio Romo
75%
Sergio Romo
75%
1B Travis Ishikawa
75%
LF Travis Ishikawa
75%
CF Aaron Rowand
50%
CF/ RF Andres Torres
50%
C/ DH Andrew Susac
50%
LF/ RF Cody Ross
50%
SS Edgar Renteria
50%
George Kontos
50%
Guillermo Mota
50%
Guillermo Mota
50%
Jake Peavy
50%
Javier Lopez
50%
P* Javier Lopez
50%
Javier Lopez
50%
P Jeremy Affeldt
50%
P Jeremy Affeldt
50%
P Jeremy Affeldt
50%
3B Joaquin Arias
50%
SS, 3B Joaquin Arias
50%
DH Mike Morse
50%
LF/ DH Pat Burrell
50%
DH Ryan Theriot
50%
Ryan Vogelsong
50%
Ryan Vogelsong
50%
Santiago Casilla
50%
Santiago Casilla
50%
Santiago Casilla
50%
Tim Hudson
50%
Barry Zito
25%
C* Eli Whiteside
25%
Jose Mijares
25%
LF Juan Perez
25%
3B Juan Uribe
25%
SS Matt Duffy
25%
INF* Mike Fontenot
25%
RF Nate Schierholtz
25%
Yusmeiro Petit
25%
Hunter Strickland
0%
Jean Machi
0%
Ramon Ramirez
0%
LF* Xavier Nady
0%
No matching quizzes found
Score Distribution
Percent of People with Each Score
Percentile by Number Answered
Your Score History
You have not taken this quiz